000 01128nam a22002898i 4500
001 020362266
003 Uk
005 20250926120750.0
008 211005s2021 ne a 000|0|eng|d
020 _a9780323755146 (hardback.) :
040 _aStDuBDS
_beng
_cNUST
_erda
_dNUST
050 _aRC9257 WIL
245 0 0 _aAtlas of interventional orthopedics procedures :
_bessential guide for fluoroscopy and ultrasound guided procedures /
_cedited by Christopher J. Williams.
260 _aLondon :
_bElsevier ,
_c©2023.
300 _axx, 634 papers :
_billustrations (black and white, and colour) ;
_c28 cm
336 _atext
_2rdacontent
_btxt
337 _aunmediated
_2rdamedia
_bn
338 _avolume
_2rdacarrier
_bnc
504 _aIncludes bibliographical references and index
650 0 _aMusculoskeletal system
_xDiseases
_xUltrasonic imaging.
650 0 _aMusculoskeletal system
_xRadiography.
650 0 _aOrthopedic surgery.
700 1 _aWilliams, Christopher J.,
_eeditor.
700 1 _aSussman, Walter,
_eeditor.
700 1 _aPitts, John,
_eeditor.
942 _2lcc
_n0
_cBOOKS
_hRC9257WIL
_kRC
_mWIL
999 _c172420
_d172420